<?xml version="1.0" encoding="UTF-8"?>
<record
    xmlns:xsi="http://www.w3.org/2001/XMLSchema-instance"
    xsi:schemaLocation="http://www.loc.gov/MARC21/slim http://www.loc.gov/standards/marcxml/schema/MARC21slim.xsd"
    xmlns="http://www.loc.gov/MARC21/slim">

  <leader>00184nam a2200085   4500</leader>
  <controlfield tag="001">1258056</controlfield>
  <controlfield tag="005">20260226102740.0</controlfield>
  <datafield tag="245" ind1=" " ind2=" ">
    <subfield code="a">KA&#x15E;A&#x11E;I</subfield>
    <subfield code="c">&#xD6;MER SEYFETT&#x130;N</subfield>
  </datafield>
  <datafield tag="260" ind1=" " ind2=" ">
    <subfield code="b">&#xC7;OCUK GEZEGEN&#x130;</subfield>
  </datafield>
  <datafield tag="999" ind1=" " ind2=" ">
    <subfield code="c">1258056</subfield>
    <subfield code="d">1258056</subfield>
  </datafield>
  <datafield tag="952" ind1=" " ind2=" ">
    <subfield code="0">0</subfield>
    <subfield code="1">0</subfield>
    <subfield code="2">ddc</subfield>
    <subfield code="4">0</subfield>
    <subfield code="7">0</subfield>
    <subfield code="a">1006</subfield>
    <subfield code="b">1006</subfield>
    <subfield code="d">2026-02-26</subfield>
    <subfield code="l">1</subfield>
    <subfield code="p">1006300325</subfield>
    <subfield code="r">2026-03-12 10:10:57</subfield>
    <subfield code="s">2026-03-12</subfield>
    <subfield code="w">2026-02-26</subfield>
    <subfield code="y">BK</subfield>
  </datafield>
</record>
